| Tag |
First Indicator |
Second Indicator |
Subfields |
| LEADER |
00000cam a2200000 4500 |
| 001 |
in00000284721 |
| 005 |
20151010075252.0 |
| 008 |
710624r19711917ctu b 00000 eng d |
| 010 |
|
|
|a 75109805
|
| 035 |
|
|
|a (OCoLC)00146280
|
| 035 |
|
|
|9 ABF3790AM
|
| 040 |
|
|
|a DLC
|c DLC
|d TXA
|d UtOrBLW
|
| 041 |
1 |
|
|a eng
|a ger
|
| 049 |
|
|
|a TXAM
|c [1122442]
|
| 050 |
0 |
0 |
|a D443
|b .N4 1971
|
| 100 |
1 |
|
|a Naumann, Friedrich,
|d 1860-1919.
|
| 245 |
1 |
0 |
|a Central Europe /
|c A translation by Christabel M. Meredith from the original German of Mittel-Europa.
|
| 264 |
|
1 |
|a Westport, Conn. :
|b Greenwood Press,
|c [1971]
|
| 300 |
|
|
|a vii, 351 pages
|
| 336 |
|
|
|a text
|b txt
|2 rdacontent
|
| 337 |
|
|
|a unmediated
|b n
|2 rdamedia
|
| 338 |
|
|
|a volume
|b nc
|2 rdacarrier
|
| 500 |
|
|
|a Reprint of the 1917 edition.
|
| 504 |
|
|
|a Bibliography: pages 324-342.
|
| 650 |
|
0 |
|a Pangermanism.
|
| 650 |
|
0 |
|a World War, 1914-1918.
|
| 651 |
|
0 |
|a Europe, Central
|x Politics and government.
|
| 999 |
|
|
|a MARS
|
| 999 |
f |
f |
|s 6524335d-fbf1-3b30-addc-398a212ed94e
|i 1e1ae895-4726-3395-a35a-4527e0e96722
|t 0
|
| 952 |
f |
f |
|p ric
|a Texas A&M University
|b Rellis Campus
|c Joint Library Facility
|d Remote Storage
|t 0
|e D443 .N4 1971
|h Library of Congress classification
|i unmediated -- volume
|m A14801880727
|
| 998 |
f |
f |
|a D443 .N4 1971
|t 0
|l Remote Storage
|